000 00579nam a2200181Ia 4500
003 LK-CoDNM
008 010623t1975 xxu||||| |||| 00| 1 sin d
040 _aLK-CoDNM
_dLK-CoDNM
_eLK-CoDNM
041 _asin
080 _a(x) 92
_bWIC
245 _aමාර්ටින් වික්‍ර‍මසිංහ - කොග්හල මහා ප්‍රාඥයා
246 _aMartin Wickramasinghe : The Sage of Koggala
260 _bTisara publication
_aDehiwala
_c1975
300 _b311, 25 cm
650 _aBiography
650 _aMartin Wickramasinghe
942 _cBK
999 _c109671
_d109671